000 00686nam a2200241 a 4500
001 BRL_850
005 20190320210926.0
008 181013s1985----nyuo######---#000-0#eng-#
020 _a0876638817
041 _aeng
044 _anyu
050 4 _aNK1071
_b.M64 1985
100 1 _aMoes, Robert
_91340
245 1 0 _aMingei
_bJapanese folk art from the Brooklyn Museum collection
_cRobert Moes ; Ainu section by Anne Pike Tay.
260 _aNew York
_bUniverse Books
_c1985
300 _a191 p.
_bil.
_c24 cm.
500 _aAu981
504 _aBibliografía: p. 190-191
650 1 4 _aArte popular
_zJapón
_91244
710 2 _aBrooklyn Museum
_91296
902 _aGRL
942 _2lcc
_cB
999 _c9662
_d9662